Gaming Quiz

Random Gaming or Translation Quiz

Translated Titles: Super Famicom to SNES Quiz Stats

 Plays Quiz not verified by Sporcle

Challenge
Share
Tweet
Embed
Score 0/20 Timer 10:00
0 Plays Today
Japanese Title North American Title % Correct
Zelda no Densetsu: Kamigami no TriforceThe Legend of Zelda: A Link to the Past
94.1%
Mother 2EarthBound
94.1%
Rockman XMega Man X
88.2%
Super Donkey KongDonkey Kong Country
88.2%
Super Mario CollectionSuper Mario All-Stars
85.3%
Seiken Densetsu 2Secret of Mana
79.4%
Bokujō MonogatariHarvest Moon
76.5%
Gaia GensōkiIllusion of Gaia
76.5%
Akumajō DraculaSuper Castlevania IV
73.5%
Contra SpiritsContra III: The Alien Wars
73.5%
Japanese Title North American Title % Correct
Final Fantasy USA Final Fantasy Mystic Quest
61.8%
Final Fight ToughFinal Fight 3
61.8%
Hello! Pac-ManPac-Man 2: The New Adventures
58.8%
Kirby BowlKirby's Dream Course
58.8%
Soul BladerSoul Blazer
52.9%
Tetris FlashTetris 2
50%
Outer WorldOut of this World [Another World]
41.2%
Estopolis DenkiLufia and the Fortress of Doom
35.3%
ElnardThe 7th Saga
23.5%
Makeruna! MakendōKendo Rage
23.5%

You're not logged in!

Compare scores with friends on all Sporcle quizzes.
OR
Log In

You Might Also Like...

Show Comments

Extras

Top Quizzes Today


Score Distribution

Your Account Isn't Verified!

In order to create a playlist on Sporcle, you need to verify the email address you used during registration. Go to your Sporcle Settings to finish the process.

Report this User

Report this user for behavior that violates our Community Guidelines.

Details: